Регионална библиотека "Любен Каравелов" - Русе

Основи на демокрацията (Запис номер 77926)

MARC детайли
000 -Лидер
Контролно поле с фиксирана дължина 01817nam a2200385 c 4500
003 - Код на организацията, давaща контролен номер
Контролно поле BLK
005 - Дата и час на последна редакция
Контролно поле 20180422103710.0
008 - Елементи от данни с фиксирана дължина
fixed length control field 180408b bul|||||r ||||||| ||bul||
010 ## - Наследен системен номер
LC control number KNG00082391000
020 ## - Международен стандартен номер на книга ISBN
Международен стандартен номер на книга ISBN 954-8993-51-6
-- издат.: Фонд. Център Отворено образование
040 ## - Източник на каталожния запис
Идентификатор на билиотеката - собственик на записа BLK
041 ## - Код за език
Код за езика на текст/звукозапис или на отделно заглавие Български
Код за езика КДБФ Български
080 ## - УДК
Текстов определител УДК Организация на възпитанието и образованието. Училищно дело.
УДК код - определител по УДК 37.09
УДК определител .035(075.3)
УДК - код + определител 37.09.035(075.3)
080 ## - УДК
Текстов определител УДК Организация на възпитанието и образованието. Училищно дело.
УДК код - определител по УДК 37.09
УДК определител .034(075.3)
УДК - код + определител 37.09.034(075.3)
139 ## - Редно поле
Редна дума Основи на демокрацията
Авторски знак Осн - О 83
245 10 - Сведения за заглавието
Заглавие Основи на демокрацията
Подзаглавни данни Горен курс : Помагало на ученика
Редно поле (дума) ред. Румен Вълчев; прев. Румен Вълчев.
257 ## - Страна на издаване
Страна на създаване/издаване Съединени американски щати
260 ## - Област на издателските данни
-- София
Име на издателя, разпространителя и проч. Фонд. Център Отворено образование
Година на издаване 2006
300 ## - Физическа характеристика
Страници 251 с.
Размери/Мащаб 24 см
380 ## - Жанр
Жанр Обществени науки
500 ## - Общи забележки
Забележка Без сведение за ориг. загл. - Офс. изд.
650 #4 - Допълнително описание по предмет – тема
Основно описание – тема или топоним Гражданско образование - деца и ученици
9 (RLIN) 278698
650 #4 - Допълнително описание по предмет – тема
Основно описание – тема или топоним Нравствено възпитание - на учениците
9 (RLIN) 255899
653 ## - Ключова дума – ненормативна
Ключова дума гражданско образование
653 ## - Ключова дума – ненормативна
Ключова дума нравствено възпитание
653 ## - Ключова дума – ненормативна
Ключова дума демокрация
653 ## - Ключова дума – ненормативна
Ключова дума учебни помагала
700 1# - Други автори (авторска отговорност)
Лично име Вълчев, Румен
Автороска отговорност (Описва отношението между автора и произведението) ред.
9 (RLIN) 366289
700 1# - Други автори (авторска отговорност)
Лично име Вълчев, Румен
Автороска отговорност (Описва отношението между автора и произведението) прев.
9 (RLIN) 366289
852 ## - Местоположение
Форматна сигнатура Цб 239039
856 4# - Електронен адрес и достъп
Електронен формат pdf - файл
Път до файла /url/
856 4# - Електронен адрес и достъп
Електронен формат pdf - файл
Път до файла /url/
942 ## - АРТИКУЛИ
Вид на библиотечния материал Книги
Скрит в OPAC Не
944 ## - СЪЗДАВАНЕ И РЕДАКЦИЯ на ЗАПИСА
Създаване/Редакция Създаване
Дата на регистрацията/редакция 18.03.2008
Служител, извършил регистрацията/редакцията Людмила_Стоянова
944 ## - СЪЗДАВАНЕ И РЕДАКЦИЯ на ЗАПИСА
Създаване/Редакция Редакция
Дата на регистрацията/редакция 09.04.2008
Служител, извършил регистрацията/редакцията
999 ## - СИСТЕМНИ КОНТРОЛНИ НОМЕРА
Koha biblionumber 77926
Koha biblioitemnumber 77926
Наличности
Код за отписване Код за изгубен артикул Код за повреда Коз за рестрикции Код за отдаване Артикулен № Име на библиотеката - собственик Име на библиотеката, в която се намира в момента Статус (Текущо местоположение) Дата на вписване в системата Местоположение - отдел Цена в лева Инвентарен номер Систематично азбучна сигнатура Баркод Номер на екземпляра Цена в евро Служебна бележка Служебен тип на артикула
  Не е изгубен Не е повреден без рестрикции ползва се в читалня 126224 Регионална библиотека "Любен Каравелов" Русе Регионална библиотека "Любен Каравелов" Русе Хранилище 2008-03-18 Хранилище 0.00 120000724593 Цб 239039 120000724593 1 0.00 Дост: Dp Вид: Д N: 4 Дата: 19.12.2007 Книги
Vip Innovations Ltd, Rousse, Bulgaria 2025